000 00526nam a22001937a 4500
003 KOHA_MİRAKIL
005 20251224153241.0
008 251224b tu ||||| |||| 00| 0 tur d
020 _a9786059791601
040 _aTR-AnABB
_btur
_cTR-AnABB
041 _atur
082 _a320.5
_bKUR 2017
100 1 _aTuran, İbrahim,
245 1 0 _aKüreselleşme radikalizm ve İslam /
260 _aAnkara :
_bMaarif Mektebi,
_c2017
300 _a215 sayfa ;
_c14 cm
650 0 4 _aSiyasal İdeolojiler
942 _2ddc
_cBK
999 _c9948
_d9948
900 _bGizem YORULMAZ